Subido a un nogal / (Record no. 36970)
[ view plain ]
| 000 -CABECERA | |
|---|---|
| campo de control de longitud fija | 00460nam a2200157 a 4500 |
| 001 - NÚMERO DE CONTROL | |
| campo de control | 000037480 |
| 005 - FECHA Y HORA DE LA ÚLTIMA TRANSACCIÓN | |
| campo de control | 20200930080404.0 |
| 008 - DATOS DE LONGITUD FIJA--INFORMACIÓN GENERAL | |
| campo de control de longitud fija | 120420s20uu sp 000 0 spa d |
| 040 ## - FUENTE DE LA CATALOGACIÓN | |
| Centro catalogador/agencia de origen | DO-SdBNP |
| Lengua de catalogación | spa |
| Centro/agencia transcriptor | BNPHU |
| 100 1# - ENTRADA PRINCIPAL--NOMBRE DE PERSONA | |
| Nombre de persona | Gallego Gil, Ramón |
| 9 (RLIN) | 63919 |
| 245 10 - MENCIÓN DE TÍTULO | |
| Título | Subido a un nogal / |
| Mención de responsabilidad, etc. | Ramón Gallego Gil. |
| 260 ## - PUBLICACIÓN, DISTRIBUCIÓN, ETC. | |
| Lugar de publicación, distribución, etc. | Ciudad Real : |
| Nombre del editor, distribuidor, etc. | Grupo Literario Guadiana. |
| 300 ## - DESCRIPCIÓN FÍSICA | |
| Extensión | 74 p. ; |
| Dimensiones | 22 cm. |
| 490 1# - MENCIÓN DE SERIE | |
| Mención de serie | Bibliografía |
| Designación de volumen o secuencia | 24 |
| 830 #0 - PUNTO DE ACCESO ADICIONAL DE SERIE-TÍTULO UNIFORME | |
| Título uniforme | Bibliografía |
| Designación de volumen o secuencia | 24 |
| 9 (RLIN) | 63920 |
| Estado de retiro | Estado de pérdida | Restricciones de uso | No para préstamo | Código de colección | Localización permanente | Ubicación/localización actual | Ubicación en estantería | Fecha de adquisición | Número de inventario | Total de préstamos | Signatura topográfica completa | Código de barras | Fecha visto por última vez | Precio válido a partir de | Tipo de ítem Koha |
|---|---|---|---|---|---|---|---|---|---|---|---|---|---|---|---|
| Excluido de préstamo | Monografías: Libros y Folletos | General | General | En catalogación | 20.04.2012 | LF1 | 37480-10 | 25.06.2020 | 25.06.2020 | No se presta |
